Mcfly Songs by First Line - Statistics

General Stats
  • This quiz has been taken 503 times
  • The average score is 14 of 30
Answer Stats
Hint Answer % Correct
Hey! I'm looking out for my Star Girl... Star Girl
99%
It's all about you... All About You
84%
Recently I've been, hopelessly reaching out for this girl... Obviously
76%
Do Do Do Do Do DO Do Do Do Do Do DO Do Do Do Do Do DO Five Colours In Her Hair
71%
Room on the third floor not what we asked for... Room on the Third Floor
70%
Anne Boleyn she kept a tin which all hopes and dreams were in... Transylvania
65%
Everything was going just the was I planned the broccoli was done... Broccoli
64%
Do ya do ya do ya love me? Do ya
61%
Here's another song for the radio One for the Radio
61%
Better run for cover, you're a hurricane full of lies... Lies
60%
Today, I'm laughing the clouds away, I hear what the flowers say... Love is easy
56%
Went out with the guys and before my eyes That Girl
46%
The clock hit twelve as she entered the room... Party Girl
44%
Well it's quarter four, we're hanging out at the pizza place... Surfer Babe
44%
I've got nowhere left to run, I've got nowhere left to hide... Nowhere Left to Run
43%
Everyday feels like a Monday, there is no escaping from the heartache... Falling In Love
41%
Tell me are you feeling strong... Shine a Light
41%
You don't have to have money... Smile
37%
Life is getting harder day by day... Not Alone
33%
First time I saw her she was standing in line... If U C Kate
32%
I feel like I've been put on trial with you... That's the Truth
31%
I'm getting tired of asking, this is the final time... POV
30%
Crashing into walls, banging on your door... Corrupted
29%
The time has come to say goodbye, the sun is setting in the sky... The Last Song
27%
I've been searching for some love and affection... I Need a Woman
26%
Crash into the room, scared to turn the lights on... Do Watch
22%
We got a situation, they're always putting us down... We Are the Young
20%
I knew that when I saw her that my life was zooming over from the fast lane... Baby's Coming Back
18%
It's hot as hell, I can't take the heat... Cherry Cola
17%
I never thought you'd remember the way I left your heart... Foolish
12%
No matching quizzes found
Score Distribution
Percent of People with Each Score
Percentile by Number Answered
Your Score History
You have not taken this quiz